000 01113nam a22002417a 4500
999 _c339
_d339
003 AR-CdUCM
008 190223b ||||| |||| 00| 0 spa d
040 _aMUNICIPALIDAD PROVINCIAL DEL CUSCO
_cBIBLIOTECA MUNICIPAL DEL CUSCO
041 _heng
082 _a818.5 /
_bR54
100 _aRichman, Sidney
_91381
245 _aBernard Malamud /
260 _aBuenos Aires :
_bPelamar,
_c1976.
300 _a182 páginas ;
_c19.5 cm.
505 _aContiene: El escritor de minoría como minoría -- La "judeidad" de Malamud -- El yo solo -- la lucha por las raíces -- Tradición literaria -- El modo cómico de Malamud -- The Natural -- Tema y técnica -- Roy Hobbes -- Iris lemon -- El fracaso del héroe -- El pesimismo de The Natural -- Los logros de Malamud -- The assistant -- A new life -- Los cuentos -- Los cuentos judíos en New York...
650 _aLiteratura Norteamericana
_91382
650 _aBernard Malamud
_91383
650 _aAnálisis literario
_9714
650 _aNovela judía
_91384
700 _aJorge Piatigorssky (Traductor)
_91385
942 _2ddc
_cLIBROS
945 _alccs
_d2019-02-23